Чарівники й чаклунки: посібник із магії для початківців (Запис № 17092)
[ простий вигляд ]
| 000 -Маркер запису | |
|---|---|
| Контрольне поле сталої довжини | 03234nam a22002657a 4500 |
| 003 - Належність контрольного номера | |
| Контрольне поле | Uzh_bibl |
| 008 - Кодовані дані | |
| Контрольне поле сталої довжини | 260318b |||||||| |||| 00| 0 ukr d |
| 020 ## - Індекс ISBN | |
| ISBN | 978-617-8286-12-5 |
| Ціна | 234.00 |
| 040 ## - Джерело каталогіз. | |
| Код мови каталог. | укр. |
| 041 ## - Код мови видання | |
| Код мови оригіналу | італійська, міланська, моденський діалект, неаполітанський діалект, романьольськ |
| Код мови тексту | українська |
| 080 ## - Індекс УДК | |
| Індекс УДК | 133.4 |
| 090 ## - Шифри | |
| Поличний індекс | 133.4 |
| Авторський знак | М 32 |
| 100 ## - Автор | |
| Автор | Маттеоні,Франческа |
| 245 ## - Назва | |
| Назва | Чарівники й чаклунки: посібник із магії для початківців |
| Відповідальність | пер.з італ.К.Мички ;іл.Е.Мачелларі |
| Фізичний носій | Текст |
| 260 ## - Вихідні дані | |
| Місце видання | Київ |
| Видавництво | Книголав |
| Дата видання | 2023 |
| 300 ## - Фізичний опис | |
| Обсяг | 160 с. |
| Ілл./тип відтвор. | іл. |
| Тип одиниці | В опр. |
| 490 ## - Серія | |
| Назва серії | Серія"Полиця нон-фікшн" |
| 520 ## - Анотація | |
| Анотація | “Магія живе на межі суспільства, а хто перетинає цю межу, — маргіналізований або шанований. Магія уособлює страхи, бажання й таємниці.”<br/><br/>Як часто ми хотіли, щоб наші бажання здійснювалися за помахом чарівної палички, хотіли стерти з життя неприємні ситуації або подорожувати куди завгодно за допомогою магії?. Без зайвих зусиль і відповідальності. Але що таке справжня магія? Хто знає, як її практикувати?<br/><br/>Магія ближче, ніж ви думаєте: між сторінками старої книги, у місячному світлі, що просочується крізь вікно, у жестах, місцях і предметах.<br/><br/>Ця книжка допоможе наблизитись до таємниць природи, а також досягнути нового, глибшого усвідомлення себе. Історія чаклунства протягом століть, розповіді про її найвизначніші постаті, описи інструментів магічних практик та унікальних магічних здібностей різних тварин тут супроводжуються вправами та заклинаннями, які допоможуть наблизитися до захопливого та різноманітного світу сучасного чаклунства.<br/><br/>Ця книжка створена для тих, хто хотів би дізнатися про історію магії і, звісно, опанувати деякі основні принципи цього мистецтва за допомогою вправ та ритуалів.У тексті також йдеться про найвпливовіших особистостей у «магічному» світі:, від вигаданих персонажів до справжніх практиків. |
| 521 ## - Примітка про цільове призначення | |
| Примітка про цільове призначення | Для широкого кола читачів |
| 546 ## - Примітка про мову | |
| Примітка про мову | укр. |
| 650 ## - Тематичні рубрики | |
| Основна рубрика | Популярне видання |
| 653 ## - Ключові слова | |
| Ключові слова | Магія |
| -- | Таємниці природи |
| -- | Заклинання |
| 655 ## - Термін індексування — жанр/форма | |
| Жанр/форма | Езотерика |
| 942 ## - ADDED ENTRY ELEMENTS (KOHA) | |
| Джерело класифікації чи схема поличного розташування | |
| Koha item type | Книги |
| Статус вилучення | Статус втрати/відсутності | Джерело класифікації чи схема поличного розташування | Статус пошкодження | Тип обігу (не для випозичання) | Постійне розташування | Поточне розташування | Розташування у відділі | Дата надходження | Джерело надходження (постачальник) | Інвентарний номер | Повний (примірниковий) шифр зберігання | Штрих-код | Date last seen | Дата, для якої чинна ціна заміни | Тип одиниці (рівень примірника) |
|---|---|---|---|---|---|---|---|---|---|---|---|---|---|---|---|
| Бібліотека-філія №2 | Бібліотека-філія №2 | Абонемент старший відділ | 16/03/2026 | Подаровані | 80808 | 133.4 | 19219 | 18/03/2026 | 17/03/2026 | Книги |